000 01222nam a2200385 i 4500
003 EG-GICUC
005 20260430203623.0
008 260430s1978 gw ||||fr|||| 00| 0 ger d
020 _a311007849X
040 _aEG-GiCUC
_bger
_cEG-GiCUC
_dEG-GiCUC
_erda
041 _ager
_hger
082 0 4 _221
_a343.1
_bJE.S
092 0 4 _221
099 _aLaw1 10 343.1 JE.S 10 ed 1978
100 1 _a Jescheck , Hans Heinrich
_eeditor.
245 _aStrafgesetzbuch :
_bLeipziger Kommentar Großkommentar .
_nVol.6 ,
_p§§ 61-67 /
_cHans Heinrich Jescheck .
250 _a10 ed
264 _aBerlin :
_bWalter de Gruyter ,
_c1978.
300 _a281 Pages ,
_c24 cm
336 _2rda content
_atext
337 _2rda media
_aComputer
338 _2rda carrier
_aOnline Resource
490 _aLeipziger Kommentar
546 _a Text in German
650 1 _aStrafrecht
_2qrmak
650 1 _aStrafgesetzbuch
_2qrmak
650 1 _aStrafgesetzbuch – Allgemeiner Abschnitt
_2qrmak
651 1 _2qrmak
700 1 _aWolfgang Ruß
_eeditor.
700 1 _aGünther Willms
_eeditor.
700 1 _aHanack
_eContributor
856 4 0 _uhttps://fll.law.cu.edu.eg/fulltext/bks/B10-10904.pdf
905 _a60
942 _2ddc
_cBK
_e21
_n0
999 _c74595
_d74595